[Event "18th American Continental"]
[Site "Foz do Iguacu BRA"]
[Date "2025.05.24"]
[Round "2.10"]
[White "Ocampos, Ian"]
[Black "Fier, Alexandr"]
[Result "0-1"]
[BlackTitle "GM"]
[WhiteElo "2219"]
[BlackElo "2556"]
[WhiteFideId "117544"]
[BlackFideId "2107139"]
[EventDate "2025.05.23"]

1. e4 c5 2. Nf3 d6 3. d4 cxd4 4. Nxd4 Nf6 5. Nc3 Nc6 6. Bc4 e6 7. Bb3 Bd7 8.
Ndb5 Qb8 9. Bf4 Ne5 10. a4 Be7 11. Qe2 a6 12. Nd4 Qc7 13. O-O O-O 0-1

[Event "18th American Continental"]
[Site "Foz do Iguacu BRA"]
[Date "2025.05.24"]
[Round "2.31"]
[White "Da Silva Borges, Rodrigo"]
[Black "Filgueiras, Nathan Felipe"]
[Result "0-1"]
[BlackTitle "IM"]
[WhiteElo "2146"]
[BlackElo "2370"]
[WhiteFideId "2115778"]
[BlackFideId "2188562"]
[EventDate "2025.05.23"]

1. d4 Nf6 2. c4 e6 3. Nc3 d5 4. Bg5 Be7 5. e3 O-O 6. Nf3 b6 7. cxd5 Nxd5 8. Bxe7
Qxe7 9. Nxd5 exd5 10. Bd3 c5 11. Rc1 c4 12. Bb1 Qb4+ 13. Nd2 Be6 14. O-O Qxb2
15. f4 f5 16. Nf3 Qa3 17. Ng5 Qd6 18. g4 Nc6 19. Qf3 Rae8 20. Qh3 h6 21. gxf5
Bd7 22. Rf3 hxg5 23. fxg5 Kf7 24. Qh7 Rh8 25. f6 Rxh7 26. g6+ Ke6 27. Bf5+ Kxf6
28. Bxd7+ Ke7 29. Rf7+ Kd8 0-1

[Event "18th American Continental"]
[Site "Foz do Iguacu BRA"]
[Date "2025.05.24"]
[Round "2.32"]
[White "Ticona Rocabado, Licael Roderick"]
[Black "Borges, Guilherme Deola"]
[Result "1-0"]
[WhiteTitle "IM"]
[WhiteElo "2359"]
[BlackElo "2141"]
[WhiteFideId "3319113"]
[BlackFideId "2109085"]
[EventDate "2025.05.23"]

1. d4 d5 2. c4 e6 3. e3 c6 4. Nf3 f5 5. b3 Nf6 6. Nbd2 Nbd7 7. Bd3 Bd6 8. Bb2
O-O 9. O-O Ne4 10. Qe2 Qf6 11. Ne1 Qh6 12. g3 Ndf6 13. f3 Bd7 14. fxe4 fxe4 15.
Rxf6 gxf6 16. Bc2 Kh8 17. Ng2 b5 18. Rf1 a5 19. Nf4 a4 20. cxb5 cxb5 21. a3 axb3
22. Nxb3 b4 23. axb4 Rfb8 24. Ra1 Rxa1+ 25. Bxa1 Bxf4 26. exf4 Bb5 27. Qf2 f5
28. Nc5 Ra8 29. Bb2 Qh3 30. Bb1 e3 31. Qe1 e2 32. Bd3 Bxd3 33. Nxd3 Qg4 34. Kg2
Ra2 35. b5 h5 36. b6 h4 37. b7 h3+ 38. Kf2 1-0

[Event "18th American Continental"]
[Site "Foz do Iguacu BRA"]
[Date "2025.05.24"]
[Round "2.33"]
[White "Bueno, Alfeu Junior Varela"]
[Black "Umetsubo, Cesar Hidemitsu"]
[Result "0-1"]
[WhiteTitle "FM"]
[BlackTitle "IM"]
[WhiteElo "2142"]
[BlackElo "2359"]
[WhiteFideId "2108879"]
[BlackFideId "2103400"]
[EventDate "2025.05.23"]

1. e4 e5 2. Nf3 Nc6 3. Bc4 Nf6 4. d3 Be7 5. Nc3 d6 6. a3 O-O 7. h3 h6 8. O-O Na5
9. Ba2 c5 10. Ne2 b5 11. Ng3 Kh8 12. c3 c4 13. Qe2 Be6 14. d4 Qc7 15. Nh4 Nxe4
16. Nxe4 Bxh4 17. Qh5 Qe7 18. dxe5 dxe5 19. Bxh6 gxh6 20. Qxh6+ Kg8 21. g3 f5
22. gxh4 fxe4 23. Kh1 Qf6 24. Rg1+ Kf7 25. Qh7+ Ke8 26. Qxe4 Qf3+ 27. Qxf3 Rxf3
28. Rae1 Nc6 29. Bb1 Bd5 30. Be4 Bxe4 31. Rxe4 Kf7 32. a4 a6 33. Ra1 Rg8 0-1

[Event "18th American Continental"]
[Site "Foz do Iguacu BRA"]
[Date "2025.05.24"]
[Round "2.34"]
[White "Carrasco Jacome, Bryan"]
[Black "Campos Gomez, Manuel"]
[Result "0-1"]
[BlackTitle "IM"]
[WhiteElo "2141"]
[BlackElo "2355"]
[WhiteFideId "3618986"]
[BlackFideId "4444710"]
[EventDate "2025.05.23"]

1. e4 e6 2. d4 d5 3. Nc3 Nf6 4. e5 Nfd7 5. f4 c5 6. Nf3 Nc6 7. Be3 a6 8. Qd2 b5
9. a3 Qa5 10. Ne2 b4 11. a4 Be7 12. g3 b3 13. c3 Nb6 14. dxc5 Nc4 15. Qc1 Bxc5
16. Bxc5 Qxc5 17. Ned4 O-O 18. Nxc6 Qxc6 19. Nd4 Qc7 20. Bxc4 dxc4 21. Qe3 Bb7
22. Rf1 Rad8 23. Rf2 Qa5 24. Rd2 Rd5 25. Nf3 Rxd2 26. Nxd2 Rd8 27. Qe2 Rd3 28.
Nxc4 Qd5 29. Ne3 Rxe3 30. Qxe3 Qh1+ 31. Ke2 Qxa1 32. Qd2 Bd5 33. f5 Qxa4 34. Qg5
Qe4+ 35. Kd1 Qb1+ 36. Kd2 Qxb2+ 37. Kd3 Qc2+ 38. Kd4 Qe4+ 39. Kc5 Qc4+ 40. Kd6
Qc6+ 41. Ke7 Qc7+ 0-1

[Event "18th American Continental"]
[Site "Foz do Iguacu BRA"]
[Date "2025.05.24"]
[Round "2.36"]
[White "Librelato, Kathie Goulart"]
[Black "Marrujo Pardo, Mauricio Emmanuel"]
[Result "0-1"]
[WhiteTitle "WIM"]
[BlackTitle "FM"]
[WhiteElo "2138"]
[BlackElo "2349"]
[WhiteFideId "2153963"]
[BlackFideId "3943755"]
[EventDate "2025.05.23"]

1. d4 Nf6 2. c4 e6 3. Nf3 c5 4. d5 exd5 5. cxd5 d6 6. Nc3 g6 7. e4 Bg7 8. Bd3
O-O 9. O-O Bg4 10. h3 Bxf3 11. Qxf3 Nbd7 12. Qe2 Re8 13. Qc2 a6 14. a4 Rc8 15.
Re1 Nh5 16. g4 Nhf6 17. g5 Nh5 18. Be2 f6 19. h4 fxg5 20. Bxh5 gxh5 21. hxg5 Bd4
22. Kg2 Ne5 23. f4 Qd7 24. Qe2 Ng4 25. Rh1 Qf7 26. Qf3 Re7 27. Bd2 h6 28. Ne2
hxg5 29. fxg5 Qxf3+ 30. Kxf3 Rf8+ 31. Bf4 Nf2 32. Rxh5 Nd3 33. g6 Ne5+ 34. Kg3
Rg7 35. Rg5 Bxb2 36. Rb1 Nc4 37. Kg4 Bf6 38. Rf5 Rxg6+ 39. Kf3 Rf7 40. Ng3 Ne5+
41. Ke2 Rh7 42. Nh5 Bh8 43. Rb6 Nc4 44. Rb3 Re7 45. Kf3 Bf6 46. Bg5 Rh7 47. Nf4
Nd2+ 48. Kg4 0-1

[Event "18th American Continental"]
[Site "Foz do Iguacu BRA"]
[Date "2025.05.24"]
[Round "2.37"]
[White "Rojas Salas, Steven"]
[Black "Dauer, Andre Leonardo"]
[Result "1-0"]
[WhiteTitle "IM"]
[BlackTitle "CM"]
[WhiteElo "2343"]
[BlackElo "2138"]
[WhiteFideId "3819434"]
[BlackFideId "2126915"]
[EventDate "2025.05.23"]

1. e4 e6 2. d4 d5 3. e5 c5 4. c3 Nc6 5. Nf3 Bd7 6. Be2 Nge7 7. O-O Nf5 8. dxc5
Bxc5 9. b4 Be7 10. b5 Na5 11. Bd3 Qc7 12. Re1 Nc4 13. a4 a6 14. bxa6 Rxa6 15.
Nbd2 b5 16. Nxc4 dxc4 17. Bxf5 exf5 18. Bf4 Qb7 19. Rb1 b4 20. e6 fxe6 21. Ne5
g6 22. Qd4 Qd5 23. Qe3 Bxa4 24. cxb4 O-O 25. b5 Bc5 26. Qg3 Ra7 27. h4 Bb3 28.
Nc6 Ra2 29. Re5 Qd3 30. Qxd3 Bxf2+ 31. Kh2 cxd3 32. Rxb3 d2 33. Rd3 Bxh4 34.
Rxd2 Ra4 35. Bh6 Re8 36. Rd4 Rxd4 37. Nxd4 Kf7 38. Nc6 Bf2 39. Be3 Bxe3 40. Rxe3
Rc8 41. Rb3 Ke8 42. b6 1-0

[Event "18th American Continental"]
[Site "Foz do Iguacu BRA"]
[Date "2025.05.24"]
[Round "2.38"]
[White "Mayeregger, Arnold"]
[Black "Contreras Huaman, Fiorella"]
[Result "1/2-1/2"]
[BlackTitle "WIM"]
[WhiteElo "2122"]
[BlackElo "2341"]
[WhiteFideId "3705226"]
[BlackFideId "3824675"]
[EventDate "2025.05.23"]

1. Nf3 d5 2. e3 Nf6 3. c4 c6 4. Nc3 e6 5. b3 Bd6 6. Bb2 Nbd7 7. Qc2 Qe7 8. Be2
O-O 9. Rg1 e5 10. cxd5 cxd5 11. g4 Nb6 12. Nb5 e4 13. g5 Ne8 14. Nxd6 Qxd6 15.
Ne5 Bf5 16. Qc3 f6 17. gxf6 Nxf6 18. Qd4 Rac8 19. Rg5 Qe6 20. a4 h6 21. Rg3 Kh7
22. a5 Nbd7 23. Nxd7 Qxd7 24. Qxa7 Rf7 25. Bc3 Ng4 26. Rg2 h5 27. Qd4 g6 28. a6
bxa6 29. Rxa6 Qb7 30. b4 Re7 31. Qb6 Qxb6 32. Rxb6 Ne5 33. Kd1 Nf3 34. Ba6 Ra8
35. h4 Nxh4 36. Rh2 Nf3 37. Rh1 Raa7 38. Rb7 Kg8 39. Rxa7 Rxa7 40. b5 Kf7 41.
Kc2 h4 42. Kb3 Ke7 43. Kb4 Bd7 44. Kc5 Ke6 45. Ba5 Ra8 46. Bc7 g5 47. Bb7 Ra7
48. Bxd5+ Kf5 49. b6 Ra5+ 50. Kd6 Bc8 51. Bc6 Ra2 52. d4 Rb2 53. Bd7+ Bxd7 54.
Kxd7 g4 55. Kc8 g3 56. fxg3 hxg3 57. Bxg3 Rxb6 58. Kc7 Rb3 59. Bf4 Nxd4 60. Rh5+ 1/2-1/2

[Event "18th American Continental"]
[Site "Foz do Iguacu BRA"]
[Date "2025.05.24"]
[Round "2.39"]
[White "Casalaspro, Mathias Andre"]
[Black "Souza, Rafael Cabral De"]
[Result "1-0"]
[WhiteTitle "FM"]
[WhiteElo "2319"]
[BlackElo "2122"]
[WhiteFideId "22772626"]
[BlackFideId "2124068"]
[EventDate "2025.05.23"]

1. e4 Nc6 2. Nf3 d6 3. d4 Nf6 4. Nc3 g6 5. Be3 a6 6. Qd2 b5 7. Bd3 h5 8. h3 Nd7
9. e5 Nb6 10. Ng5 dxe5 11. d5 Nd4 12. Bxd4 exd4 13. Qf4 f5 14. Qxd4 Rg8 15.
O-O-O Bg7 16. Qb4 Qd6 17. Qxd6 cxd6 18. Be2 Bb7 19. Ne6 Bh6+ 20. f4 Kd7 21. Bf3
b4 22. Ne2 Bxd5 23. Nc5+ dxc5 24. Bxd5 Nxd5 25. Rxd5+ Kc6 26. Re5 Ra7 27. Rd1
Rc7 28. Rdd5 Kb6 29. Re6+ Kb7 30. Rde5 1-0

[Event "18th American Continental"]
[Site "Foz do Iguacu BRA"]
[Date "2025.05.24"]
[Round "2.40"]
[White "Bauza, Alejandro"]
[Black "Valdes Escobar, Alvaro"]
[Result "1/2-1/2"]
[WhiteTitle "FM"]
[BlackTitle "IM"]
[WhiteElo "2119"]
[BlackElo "2317"]
[WhiteFideId "3000060"]
[BlackFideId "3405451"]
[EventDate "2025.05.23"]

1. Nf3 c5 2. c4 g6 3. Nc3 Bg7 4. d4 cxd4 5. Nxd4 Nc6 6. Nc2 d6 7. e4 Bxc3+ 8.
bxc3 Qa5 9. Qd2 Nf6 10. f3 Be6 11. Be2 Ne5 12. Ne3 Rc8 13. Rb1 Qc7 14. c5 Qxc5
15. Rxb7 O-O 16. O-O Rb8 17. Rxb8 Rxb8 18. Qd4 Ned7 19. Qxc5 Nxc5 20. c4 Na4 21.
Nd5 Bxd5 22. cxd5 Nc3 23. Bc4 Rb4 24. Bb3 Ne2+ 25. Kf2 Nxc1 26. Rxc1 Rb7 27. Ba4
Rb2+ 28. Rc2 Rxc2+ 29. Bxc2 Kf8 30. Ke3 Ke8 31. Ba4+ Kd8 32. Kd4 Nh5 33. g3 f6
34. Kc4 Kc7 35. Be8 Ng7 36. Bf7 g5 37. g4 Kb6 1/2-1/2

[Event "18th American Continental"]
[Site "Foz do Iguacu BRA"]
[Date "2025.05.24"]
[Round "2.41"]
[White "Caceres Benitez, Arturo Eduardo"]
[Black "Jodorcovsky Werjivker, Paulo"]
[Result "1/2-1/2"]
[WhiteTitle "FM"]
[BlackTitle "CM"]
[WhiteElo "2313"]
[BlackElo "2117"]
[WhiteFideId "3710769"]
[BlackFideId "3700305"]
[EventDate "2025.05.23"]

1. e4 c5 2. Nf3 d6 3. d4 cxd4 4. Nxd4 Nf6 5. Nc3 e6 6. Be3 Be7 7. g4 h6 8. Bg2
O-O 9. h4 d5 10. exd5 e5 11. Nf5 Bxf5 12. gxf5 Bb4 13. Qd2 Nbd7 14. a3 Qa5 15.
O-O-O Bxc3 16. Qxc3 Qxc3 17. bxc3 Rac8 18. Kb2 b6 19. d6 Rfd8 20. Bb7 Rb8 21.
Bf3 Rbc8 22. Rd2 Nc5 23. Bxc5 Rxc5 24. Re1 Nd7 25. Bd5 Kf8 26. f4 Nf6 27. Bxf7
Kxf7 28. fxe5 Ng4 29. e6+ Ke8 30. Rd4 h5 31. Rf1 Rc6 32. d7+ Ke7 33. Rf3 Rc5 34.
c4 Nh6 35. Rd5 Rxc4 36. Rg3 Ng4 37. Rc3 Rxc3 38. Kxc3 g6 39. fxg6 Kxe6 40. Rxh5
Nf6 41. Rh6 Rxd7 42. h5 Kf5 43. Kc4 Kg5 44. Rh8 Rc7+ 45. Kb5 Nxh5 46. Ka6 Kxg6
47. Ra8 Rc3 48. Rxa7 Rxa3+ 49. Kxb6 1/2-1/2

[Event "18th American Continental"]
[Site "Foz do Iguacu BRA"]
[Date "2025.05.24"]
[Round "2.42"]
[White "Heredia Serrano, Carla"]
[Black "Tomiello, Lucas Costamilan"]
[Result "0-1"]
[WhiteTitle "WGM"]
[BlackTitle "FM"]
[WhiteElo "2114"]
[BlackElo "2308"]
[WhiteFideId "3603687"]
[BlackFideId "22701940"]
[EventDate "2025.05.23"]

1. e4 c5 2. Nf3 Nc6 3. Bb5 g6 4. O-O Bg7 5. c3 Nf6 6. Re1 O-O 7. h3 Qb6 8. a4 a6
9. Bxc6 Qxc6 10. e5 Nd5 11. d4 c4 12. Nbd2 b5 13. Ne4 Bb7 14. Nc5 Rfb8 15. Nxb7
Qxb7 16. Qe2 Qc6 17. axb5 axb5 18. Rxa8 Rxa8 19. h4 Ra2 20. Ng5 Nxc3 21. Qg4 Nd5
22. h5 Ra1 23. Bd2 Rxe1+ 24. Bxe1 h6 25. Ne4 gxh5 26. Qxh5 Nf4 27. Qf3 Nd3 28.
Bd2 Nxb2 29. d5 Qg6 30. Bb4 Bxe5 31. Bxe7 Nd3 32. Nf6+ Bxf6 33. Bxf6 Ne1 34. Qg3
Qxg3 35. fxg3 Nd3 36. Kf1 Nb4 37. d6 Nd5 38. Bd4 f6 39. Ke2 Kf7 40. Kf3 Ke6 41.
Bc5 b4 42. Ke4 b3 43. Ba3 c3 44. Kd3 b2 45. Kc2 Ne3+ 46. Kb1 Nc4 0-1

[Event "18th American Continental"]
[Site "Foz do Iguacu BRA"]
[Date "2025.05.24"]
[Round "2.43"]
[White "Reyes Zavaleta, Fabian Ricardo"]
[Black "Buganca, Luiz Henrique Da Silva"]
[Result "1/2-1/2"]
[WhiteTitle "FM"]
[BlackTitle "CM"]
[WhiteElo "2299"]
[BlackElo "2114"]
[WhiteFideId "3844153"]
[BlackFideId "2182289"]
[EventDate "2025.05.23"]

1. d4 Nf6 2. c4 g6 3. Nc3 Bg7 4. e4 d6 5. Nf3 O-O 6. Be2 c5 7. d5 e6 8. O-O exd5
9. cxd5 a6 10. a4 b6 11. Bf4 Ra7 12. Nd2 Re7 13. Bf3 Ne8 14. Nc4 Rb7 15. e5 b5
16. axb5 axb5 17. Na5 Ra7 18. Nc6 Nxc6 19. dxc6 Rxa1 20. Qxa1 b4 21. Nd5 dxe5
22. Be3 e4 23. Bxe4 Nd6 24. Bf3 Nc4 25. Bxc5 Nd2 26. Qd1 Nxf1 27. Be7 Qe8 28.
Qxf1 Be6 29. Bxf8 Qxf8 30. Qc1 Bxd5 31. Bxd5 Be5 32. Qc4 Qe7 33. g3 Kg7 34. Qe4
Qd6 35. b3 Bf6 36. Qc4 Bd8 37. Bxf7 Bb6 38. Bd5 Qf6 39. Qe2 h5 40. Kg2 h4 41.
Qc2 Qd4 42. Be4 Qd6 43. Bf3 Qe6 44. c7 h3+ 45. Kf1 Qc8 46. Bg4 Qa6+ 47. Ke1 Qa1+
48. Kd2 Qd4+ 49. Kc1 Qa1+ 50. Kd2 Qd4+ 51. Ke1 Qa1+ 52. Ke2 Qe5+ 53. Kf1 Qa1+
54. Bd1 Qa6+ 55. Be2 Qa1+ 56. Qd1 Qa8 57. Qd7+ Kf6 58. Qd6+ Kg7 59. Qe7+ Kh6 60.
Qh4+ Kg7 61. Qe7+ Kh6 62. Ke1 Qa1+ 63. Bd1 Qc3+ 64. Kf1 Bxc7 65. Qh4+ Kg7 66.
Qxh3 Qd2 67. Be2 Bb6 68. Qe6 Qc1+ 69. Kg2 Qc5 70. Bd3 Qxf2+ 71. Kh3 Qf6 72. Qd7+
Kh6 73. Qd5 Qd4 74. Qf3 Bc5 75. Be2 Qf2 76. Qg4 Qf5 77. Qxf5 gxf5 78. Kg2 Kg5
79. Kf3 Bd6 80. Bd3 Be5 81. Be2 Bd6 82. Bd1 Be5 83. Kf2 Kf6 84. Ke3 Kg5 85. Kd3
Bc3 86. Kc4 Be1 87. Kd5 Kf6 88. Kd6 Bf2 89. Kd5 1/2-1/2

[Event "18th American Continental"]
[Site "Foz do Iguacu BRA"]
[Date "2025.05.24"]
[Round "2.44"]
[White "Gauche, Charles"]
[Black "Ribeiro, Matheus Mendes Domingues"]
[Result "0-1"]
[WhiteTitle "FM"]
[BlackTitle "FM"]
[WhiteElo "2112"]
[BlackElo "2294"]
[WhiteFideId "2101335"]
[BlackFideId "324226923"]
[EventDate "2025.05.23"]

1. e4 e6 2. d4 d5 3. Nd2 Nc6 4. Ngf3 Nf6 5. e5 Nd7 6. c3 f6 7. exf6 Qxf6 8. Bb5
Bd6 9. Nf1 O-O 10. Be3 e5 11. Qb3 Nb6 12. Bxc6 bxc6 13. dxe5 Bxe5 14. Nxe5 Qxe5
15. Nd2 Qf5 16. O-O Qg6 17. Kh1 Bf5 18. Qb4 Nd7 19. Qh4 Ne5 20. Qg3 Qxg3 21.
hxg3 a5 22. Kg1 Rfe8 23. b3 a4 24. Nf3 Nxf3+ 25. gxf3 Bc2 26. b4 Bd3 27. Rfe1 a3
28. Kg2 Bc4 29. Red1 c5 30. Rd2 d4 31. cxd4 cxb4 32. Rb1 Reb8 33. d5 Ra5 34. Rc1 0-1

[Event "18th American Continental"]
[Site "Foz do Iguacu BRA"]
[Date "2025.05.24"]
[Round "2.45"]
[White "Piccoli, Lucas Fonseca"]
[Black "Becker, Rogerio Sperb"]
[Result "1-0"]
[WhiteElo "2284"]
[BlackElo "2111"]
[WhiteFideId "2190788"]
[BlackFideId "22767797"]
[EventDate "2025.05.23"]

1. e4 c5 2. Nf3 Nc6 3. d4 cxd4 4. Nxd4 Nf6 5. Nc3 e5 6. Ndb5 d6 7. Bg5 a6 8. Na3
b5 9. Nd5 Be7 10. Bxf6 Bxf6 11. c4 b4 12. Nc2 a5 13. g3 Bg5 14. Bg2 O-O 15. O-O
Ne7 16. Nxe7+ Qxe7 17. b3 Bb7 18. Qd3 Rad8 19. a3 bxa3 20. Rxa3 Qc7 21. Rfa1 Ra8
22. h4 Be7 23. Qd2 d5 24. exd5 Bxa3 25. Nxa3 Qc5 26. Nb5 a4 27. bxa4 e4 28. Qd4
Rfc8 29. Qxe4 Ba6 30. Rc1 Bb7 31. Qc2 h5 32. Qb3 Ra5 33. Rb1 Rca8 34. Qe3 Qxe3
35. fxe3 Rxa4 36. Kh2 Ra1 37. Rb3 Ba6 38. d6 Re8 39. c5 Rc1 40. Nc7 Bc4 41. Rb2
Be6 42. Nxe6 fxe6 43. Rb5 Kf7 44. Rb7+ Kf6 45. Rc7 Rc2 46. d7 Re7 47. c6 e5 48.
Kh3 Rc3 49. Rc8 Rc2 50. Bf3 Rc3 51. Bxh5 Rc4 52. Bg4 Rc3 53. Bf5 Rc4 54. h5 Rc3
55. Kg4 1-0

[Event "18th American Continental"]
[Site "Foz do Iguacu BRA"]
[Date "2025.05.24"]
[Round "2.46"]
[White "Giron Chavez, David Emanuel"]
[Black "Lopez Rayo, Santiago"]
[Result "0-1"]
[WhiteTitle "FM"]
[BlackTitle "FM"]
[WhiteElo "2108"]
[BlackElo "2282"]
[WhiteFideId "7300697"]
[BlackFideId "4455665"]
[EventDate "2025.05.23"]

1. e4 c5 2. Nf3 d6 3. Nc3 Nf6 4. Bc4 e6 5. d4 cxd4 6. Nxd4 a6 7. Bb3 Nbd7 8. Qe2
Nc5 9. O-O Be7 10. Bd2 O-O 11. Kh1 Qc7 12. Rae1 b5 13. f3 Bd7 14. Be3 b4 15. Nb1
Nxb3 16. axb3 e5 17. Nf5 Bb5 18. Qd1 Bxf1 19. Rxf1 g6 20. Nh6+ Kg7 21. c4 Qc6
22. Qe1 a5 23. Qg3 Kh8 24. Nd2 Ng8 25. c5 dxc5 26. Nxg8 Kxg8 0-1

[Event "18th American Continental"]
[Site "Foz do Iguacu BRA"]
[Date "2025.05.24"]
[Round "2.47"]
[White "Asprelli, Gaspar"]
[Black "Fiaes, Mario Henrique Andrade"]
[Result "1-0"]
[WhiteElo "2279"]
[BlackElo "2106"]
[WhiteFideId "165891"]
[BlackFideId "2108690"]
[EventDate "2025.05.23"]

1. e4 c5 2. Nf3 d6 3. d4 cxd4 4. Nxd4 Nf6 5. Nc3 a6 6. g3 e6 7. Bg2 Be7 8. Be3
O-O 9. g4 Nc6 10. g5 Nd7 11. h4 Nde5 12. Qe2 Nxd4 13. Bxd4 Qa5 14. a3 Bd7 15.
O-O Rac8 16. f4 Nc6 17. Be3 g6 18. Bh3 f6 19. Nd5 Qd8 20. Nb6 Rb8 21. Qc4 f5 22.
Rae1 Rf7 23. h5 Qe8 24. Bf2 Na5 25. Qc3 Nc6 26. b4 Bd8 27. Nxd7 Qxd7 28. Qb3 Bc7
29. hxg6 hxg6 30. exf5 exf5 31. Re6 Kh7 32. Rfe1 Re7 33. Rxe7+ Nxe7 34. Qf7+ Kh8
35. Bd4# 1-0

[Event "18th American Continental"]
[Site "Foz do Iguacu BRA"]
[Date "2025.05.24"]
[Round "2.48"]
[White "Azevedo Junior, Jose Ferreira"]
[Black "Johnson, Joshua"]
[Result "1/2-1/2"]
[BlackTitle "FM"]
[WhiteElo "2102"]
[BlackElo "2267"]
[WhiteFideId "2127326"]
[BlackFideId "7700768"]
[EventDate "2025.05.23"]

1. d4 d5 2. Nf3 Nf6 3. c4 c6 4. g3 Bf5 5. Nc3 e6 6. Bg2 h6 7. O-O Be7 8. Qb3 Qb6
9. c5 Qxb3 10. axb3 O-O 11. b4 a6 12. b5 cxb5 13. Nxb5 Nc6 14. Nc3 Nd7 15. Na4
g5 16. e3 b6 17. cxb6 Rfb8 18. Bd2 Nxb6 19. Nxb6 Rxb6 20. Bc3 Na7 21. Ra2 Nb5
22. Rfa1 Nxc3 23. bxc3 Rb1+ 24. Rxb1 Bxb1 25. Ra1 Be4 26. Ne5 Bxg2 27. Kxg2 Bd6
28. Nd7 Ra7 29. Nb6 Bc7 30. Na4 Kf8 31. Kf3 Ke7 32. e4 f5 33. e5 a5 34. Ke3 Rb7
35. Kd3 Rb5 36. f3 Kd7 37. Kc2 Kc6 38. h3 Rb8 39. f4 Rg8 40. Nc5 Rg6 41. Nd3 Bb6
42. Rg1 Rg8 43. g4 Kd7 44. gxf5 exf5 45. fxg5 hxg5 46. Nf4 Bxd4 47. cxd4 Rc8+
48. Kd3 gxf4 49. Rg7+ Kc6 50. h4 Rh8 51. Ra7 Kb5 52. Rd7 Kb4 53. Rxd5 a4 54. Rd7
a3 55. e6 f3 56. Rb7+ Ka4 57. d5 a2 58. Ra7+ Kb3 59. d6 f2 60. Ke2 Rxh4 61. d7
Ra4 62. Rxa4 Kxa4 63. d8=Q f1=Q+ 64. Kxf1 a1=Q+ 65. Kf2 Qa2+ 66. Kf3 Qxe6 67.
Qd4+ Kb5 68. Kf4 Kc6 69. Qe5 Kd7 70. Qxf5 Qxf5+ 1/2-1/2

[Event "18th American Continental"]
[Site "Foz do Iguacu BRA"]
[Date "2025.05.24"]
[Round "2.49"]
[White "Silva, Caio Henrique Angelico"]
[Black "Garmendia Vega, Gabriel"]
[Result "0-1"]
[BlackTitle "CM"]
[WhiteElo "2261"]
[BlackElo "2100"]
[WhiteFideId "22777210"]
[BlackFideId "3414361"]
[EventDate "2025.05.23"]

1. d4 d5 2. c4 e6 3. Nf3 c5 4. cxd5 exd5 5. g3 Nf6 6. Bg2 Nc6 7. O-O Be7 8. dxc5
Bxc5 9. a3 Ne4 10. b4 Be7 11. Bb2 Bf6 12. Ra2 Bxb2 13. Rxb2 Qf6 14. Rc2 Be6 15.
b5 Na5 16. Qd4 O-O 17. Rfc1 h6 18. Qxf6 Nxf6 19. Nd4 a6 20. a4 axb5 21. axb5
Rfc8 22. Nxe6 Rxc2 23. Rxc2 fxe6 24. Bh3 Re8 25. Nd2 Kf7 26. f4 Ke7 27. Kf2 Kd6
28. e4 Nxe4+ 29. Nxe4+ dxe4 30. Ke3 Nb3 31. Kxe4 Nc5+ 32. Kd4 e5+ 33. Kc4 b6 34.
Rd2+ Kc7 35. fxe5 Rxe5 36. Rf2 Kd6 37. Rd2+ Ke7 38. Bg2 Nd7 39. Bc6 Nb8 40. Bd5
Nd7 41. Ra2 Kd6 42. Ra7 Rh5 43. h4 Ne5+ 44. Kd4 g5 45. hxg5 Rxg5 46. Rh7 Rg4+
47. Be4 Nf3+ 48. Ke3 Rxe4+ 49. Kxf3 Re6 50. Kg4 Rg6+ 51. Kf5 Rxg3 52. Rxh6+ Kc5
53. Rh5 Rb3 54. Ke4+ Kc4 55. Rh6 Rxb5 56. Rc6+ Kb3 57. Kd4 Rb4+ 58. Kd5 Ka4 59.
Rc1 Kb5 60. Ra1 Rb2 61. Kd4 Kb4 62. Kd3 b5 63. Ra8 Kb3 0-1

[Event "18th American Continental"]
[Site "Foz do Iguacu BRA"]
[Date "2025.05.24"]
[Round "2.50"]
[White "Pironti, Francisco Ferrari"]
[Black "Lujan, Carolina"]
[Result "0-1"]
[BlackTitle "IM"]
[WhiteElo "2100"]
[BlackElo "2259"]
[WhiteFideId "22782311"]
[BlackFideId "109878"]
[EventDate "2025.05.23"]

1. e4 c5 2. Nf3 e6 3. d4 cxd4 4. Nxd4 a6 5. c4 Nc6 6. Nc3 Qc7 7. Be3 Nf6 8. Rc1
Bb4 9. a3 Bxc3+ 10. Rxc3 Nxe4 11. Qg4 Nxc3 12. Nxc6 Kf8 13. Nb4 Na4 14. Bd4 f6
15. Qf3 d6 16. Be2 a5 17. Nd3 e5 18. Be3 Be6 19. O-O h5 20. h3 Qc6 21. Rc1 e4 0-1

[Event "18th American Continental"]
[Site "Foz do Iguacu BRA"]
[Date "2025.05.24"]
[Round "2.52"]
[White "Montevilla Cahuasa, Jonathan I."]
[Black "Hardaway, Brewington"]
[Result "0-1"]
[WhiteTitle "CM"]
[BlackTitle "GM"]
[WhiteElo "2022"]
[BlackElo "2502"]
[WhiteFideId "3322220"]
[BlackFideId "30941849"]
[EventDate "2025.05.23"]

1. d4 d5 2. Nf3 Nf6 3. c4 e6 4. g3 Nc6 5. cxd5 exd5 6. Bg2 h6 7. O-O Bd6 8. Nc3
O-O 9. a3 Re8 10. Qd3 Be6 11. b4 a6 12. Bb2 Qd7 13. Rac1 Bf5 14. Qd1 Rad8 15.
Re1 Bh3 16. Qb3 Bxg2 17. Kxg2 Qf5 18. Qc2 Qh5 19. Rcd1 Ne4 20. Nxe4 dxe4 21. Ng1
e3 22. Nf3 Ne7 23. Bc1 Nd5 24. Rd3 Qg6 25. Kf1 exf2 26. Kxf2 Nf6 27. Nd2 Ng4+
28. Kg1 Ne3 29. Qb3 Bxg3 30. Rxe3 Rxe3 31. Qxe3 Bf4+ 32. Qg3 Bxg3 33. hxg3 Qxg3+
34. Kf1 Rxd4 0-1

[Event "18th American Continental"]
[Site "Foz do Iguacu BRA"]
[Date "2025.05.24"]
[Round "2.53"]
[White "Molina Sumoza, Jesus Alberto"]
[Black "Shabalov, Alexander"]
[Result "0-1"]
[WhiteTitle "CM"]
[BlackTitle "GM"]
[WhiteElo "2025"]
[BlackElo "2483"]
[WhiteFideId "3901874"]
[BlackFideId "2008572"]
[EventDate "2025.05.23"]

1. e4 c6 2. d4 d5 3. Nc3 g6 4. Nf3 Bg7 5. h3 Nf6 6. Bd3 dxe4 7. Nxe4 Nxe4 8.
Bxe4 Nd7 9. O-O O-O 10. Re1 c5 11. c3 cxd4 12. Nxd4 Nc5 13. Bc2 Bd7 14. Bg5 Re8
15. Qd2 f6 16. Bh6 e5 17. Bxg7 Kxg7 18. Nf3 Bc6 19. Qe3 Qb6 20. Nh2 Qxb2 21.
Bxg6 hxg6 22. Qxc5 Qb6 23. Qa3 Qa6 24. Qxa6 bxa6 25. Ng4 Rab8 26. Rad1 Red8 27.
f3 Kf7 28. Kf2 Ke6 29. Ne3 Rxd1 30. Nxd1 Rd8 31. Nb2 Rd5 32. Rd1 Ra5 33. a4 Rc5
34. c4 e4 35. fxe4 Bxe4 36. g4 Rc7 37. Rd8 f5 38. gxf5+ Bxf5 39. h4 Rh7 40. Kg3
Rb7 41. Rd2 Ke5 42. Nd3+ Kd4 43. Nf4+ Kxc4 44. Rd6 Rb6 45. Rd8 Rb3+ 46. Kf2 Rb4
47. Rd6 Kc5 48. Nd3+ Bxd3 49. Rxd3 Rxa4 50. Rd7 Rxh4 51. Rxa7 Rf4+ 52. Ke2 Rf6
53. Kd3 Rd6+ 54. Kc3 Kd5 55. Re7 Re6 0-1